000 00385cam a22001337a 4500
008 180718b1961 xxu||||| |||| 00| 0 eng d
082 _aB1241x68 D35
100 _aDe Beer, Z.J.
245 _aMulti-racial South Africa: the reconciliation of forces
_cby Z.J. De Beer
260 _aLondon
_bOUP
_c1961
300 _a69p.
500 _a6/-
650 _aRace Problem - Union of South Africa
999 _c363759
_d363759